• 首页
  • 本馆介绍
  • 公告通知
  • 最新文献
  • 馆藏检索
  • 电子资源
  • 读者导购
  • 参考咨询
  • 我的图书馆
  • 登录
  • 详细信息显示
  • 放入我的书架
  • 预约/预借图书
  • 作者相关作品
  • 分类相关作品
  • 丛书相关作品
  • 出版社相关作品

书目信息

  • 表格格式
  • 工作单格式
  • 卡片格式
题名:
聂根升
    
 
作者: 聂根升, 绘
分册:  
出版信息: 天津   天津人民美术出版社  2012
页数: 183页
开本: 36cm
丛书名: 中国近现代名家画集
单 册:
中图分类: J222.7 , J292.28
科图分类:
主题词: 中国画--zhong guo hua--中国--现代--画册 , 法书--fa shu--中国--现代--选集
电子资源:
ISBN: 978-7-5305-4699-4
000 01130nam 2200301 450
001 340578
005 20150625153740.84
010    @a978-7-5305-4699-4@b精装@dCNY298.00
100    @a20121114d2012 ekmy0chiy50 ea
101 0  @achi
102    @aCN@b120000
105    @aach z 000yy
106    @ad
200 1  @a聂根升@Anie gen sheng
210    @a天津@c天津人民美术出版社@d2012
215    @a183页@c图, 肖像, 摹真@d36cm
225 2  @a中国近现代名家画集@Azhong guo jin xian dai ming jia hua ji
314    @a聂根升(1948-),别署墨兰轩主、兰竹轩主,山西大宁县人,祖籍河南杞县,现任首都书画艺术研究会会长、中华清风书画协会副主席、中国书法艺术研究院教授等职。
330    @a本书收录了聂根升的“平安如意”、“墨竹扇面”、“团扇书法”、“书法对联”、“墨竹”等书法及绘画作品百余幅。
333    @a画家、绘画爱好者及相关读者。
410  0 @12001 @a中国近现代名家画集
606 0  @a中国画@Azhong guo hua@y中国@z现代@j画册
606 0  @a法书@Afa shu@y中国@z现代@j选集
690    @aJ222.7@v5
690    @aJ292.28@v5
701  0 @a聂根升,@Anie gen sheng@f1948-@4绘
801  0 @aCN@b卓展宏图@c20150525
905    @dJ222.7@e326@f3
    
    聂根升.-天津:天津人民美术出版社,2012
    183页:图, 肖像, 摹真;36cm.-(中国近现代名家画集)
    使用对象:画家、绘画爱好者及相关读者。
    
    ISBN 978-7-5305-4699-4(精装):CNY298.00
    本书收录了聂根升的“平安如意”、“墨竹扇面”、“团扇书法”、“书法对联”、“墨竹”等书法及绘画作品百余幅。
●
相关链接 在E读中查询图书 在五车中查询图书 在当当中查询图书 在豆瓣中查询图书


正题名:聂根升     索取号:J222.7/326         预约/预借

序号 登录号 条形码 馆藏地/架位号 状态 备注
1 866292   208662927   第一样本阅览室/ [索取号:J222.7/326] 在馆    
2 866293   208662936   第一借阅区/ [索取号:J222.7/326] 在馆    
3 866294   208662945   第一借阅区/ [索取号:J222.7/326] 在馆    
唐山师范学院图书馆 欢迎您!
大连网信软件有限公司© 版权所有